Welcome to Marium Abdulla Library

Embrace knowledge with a breath of fresh air.

Browse Collection

Marium Abdulla Library

Technique of film Editing (Record no. 6431)

MARC details
000 -LEADER
fixed length control field 00408nam a2200181Ia 4500
001 - CONTROL NUMBER
control field 8457
005 - DATE AND TIME OF LATEST TRANSACTION
control field 20250626030109.0
008 - FIXED-LENGTH DATA ELEMENTS--GENERAL INFORMATION
fixed length control field 211022s9999 xx 000 0 und d
020 ## - INTERNATIONAL STANDARD BOOK NUMBER
International Standard Book Number 0240514378
082 ## - DEWEY DECIMAL CLASSIFICATION NUMBER
Classification number 778.535 REI
100 ## - MAIN ENTRY--PERSONAL NAME
Personal name Reisz, Karel
245 #0 - TITLE STATEMENT
Title Technique of film Editing
260 ## - PUBLICATION, DISTRIBUTION, ETC.
Place of publication, distribution, etc. Oxford
260 ## - PUBLICATION, DISTRIBUTION, ETC.
Name of publisher, distributor, etc. British Library cataloguing in
260 ## - PUBLICATION, DISTRIBUTION, ETC.
Date of publication, distribution, etc. 1968
300 ## - PHYSICAL DESCRIPTION
Extent 411
942 ## - ADDED ENTRY ELEMENTS (KOHA)
Koha item type Book
Holdings
Date last seen Total checkouts Full call number Barcode Price effective from Koha item type Lost status Damaged status Not for loan Collection Withdrawn status Home library Current library Shelving location Date acquired Cost, normal purchase price
10/26/2021   778.535 REI 8457 10/26/2021 Book       Communication Design   Marium Abdulla Library Marium Abdulla Library Non-Ref 11/20/2007 2613.00